000 00669nam a2200241Ia 4500
001 48743
005 20240114003922.0
007 ta
008 090520s1956 g b000 u 465 u
040 _aCotton College Assam
041 _a465
082 _a301.2
_bMa 289 Sa
100 _aDatta-Majumder, Nabendu .
245 0 _aThe Santal: A Study in Culture-Change /
_cNabendu Datta-Majumder.
_hTextual Documents
250 _a1st ed /
260 _aCalcutta :
_bThe Govt. of India Press ,
_c1956.
300 _a150p ;
_c24 cm.
653 _aSocial Science
653 _aT/G-Social Science
942 _2ddc
_cBK
999 _c48708
_d48708